| 000 | 00427nam a2200181Ia 4500 | ||
|---|---|---|---|
| 001 | 4327 | ||
| 005 | 20260306145747.0 | ||
| 008 | 260306t2005||||xx |||||||||||||| ||spa|| | ||
| 041 | _aESP | ||
| 082 |
_a320.9 _bS24 |
||
| 100 |
_aSánchez-Parga, José _eAUT |
||
| 245 | 0 | _aPoder y política en Maquiavelo | |
| 260 | _c2005 | ||
| 300 |
_a544 páginas : _c23 cm. |
||
| 650 | _aGEN | ||
| 654 | _aCDE | ||
| 942 |
_cLIB _dJUS _fJUS _2ddc _n |
||
| 999 |
_c4327 _d4327 |
||